Pahantapaisuus yksilön sopeutumattomuuden oireena
| Main Author: | |
|---|---|
| Format: | Print Book |
| Language: | Finnish |
| Published: |
Jyväskylä
Jyväskylän Yliopistoyhdistyksen Kustantama
1951
|
| In: |
Jyväskylän Kasvatusopillisen Korkeakoulun julkaisuja (6)
Year: 1951 |
| Availability in Tübingen: | Present in Tübingen. UB: UA 51.1399 |
| Check availability: | HBZ Gateway |
| Subito Delivery Service: | Order now. |
| Keywords: |
MARC
| LEADER | 00000cam a2200000 c 4500 | ||
|---|---|---|---|
| 001 | 134891713X | ||
| 003 | DE-627 | ||
| 005 | 20260206194423.0 | ||
| 007 | tu | ||
| 008 | 080408s1951 xx ||||| m 00| ||fin c | ||
| 035 | |a (DE-627)134891713X | ||
| 035 | |a (DE-603)108231682 | ||
| 035 | |a (DE-576)278917135 | ||
| 035 | |a (DE-599)BSZ278917135 | ||
| 035 | |a (OCoLC)250647576 | ||
| 035 | |a (OCoLC)250647576 | ||
| 035 | |a (OCoLC)473119011 | ||
| 040 | |a DE-627 |b ger |c DE-627 |e rakwb | ||
| 041 | |a fin | ||
| 100 | 1 | |a Saari, Erkki |4 aut | |
| 245 | 1 | 0 | |a Pahantapaisuus yksilön sopeutumattomuuden oireena |c Erkki Saari |
| 264 | 1 | |a Jyväskylä |b Jyväskylän Yliopistoyhdistyksen Kustantama |c 1951 | |
| 300 | |a 192 S. | ||
| 336 | |a Text |b txt |2 rdacontent | ||
| 337 | |a ohne Hilfsmittel zu benutzen |b n |2 rdamedia | ||
| 338 | |a Band |b nc |2 rdacarrier | ||
| 490 | 1 | |a Jyväskylän Kasvatusopillisen Korkeakoulun julkaisuja |v 6 | |
| 500 | |a Zsfassung in engl. Sprache u.d.T.: Delinquency as a symptom of later social maladjustment | ||
| 502 | |a Helsinki, Univ., Diss., 1951 | ||
| 583 | 1 | |a Archivierung prüfen |c 20200919 |f DE-640 |z 3 |2 pdager | |
| 583 | 1 | |a Archivierung/Langzeitarchivierung gewährleistet |f SSG |x XA-DE-BW |2 pdager |5 DE-21 | |
| 655 | 7 | |a Hochschulschrift |0 (DE-588)4113937-9 |0 (DE-627)105825778 |0 (DE-576)209480580 |2 gnd-content | |
| 751 | |a Helsinki |0 (DE-588)4024351-5 |0 (DE-627)106299018 |0 (DE-576)208954694 |4 uvp | ||
| 787 | 0 | 8 | |i Zusammengefasst als |t Delinquency as a symptom of later social maladjustment |
| 810 | 2 | |a Jyväskylän Kasvatusopillinen Korkeakoulu |t Jyväskylän Kasvatusopillisen Korkeakoulun julkaisuja |v 6 |9 6 |w (DE-627)168758385 |w (DE-576)053104358 |w (DE-600)844145-5 |7 am | |
| 935 | |a mkri | ||
| 951 | |a BO | ||
| ELC | |b 1 | ||
| LOK | |0 000 xxxxxcx a22 zn 4500 | ||
| LOK | |0 001 2567413294 | ||
| LOK | |0 003 DE-627 | ||
| LOK | |0 004 134891713X | ||
| LOK | |0 005 20080408161723 | ||
| LOK | |0 008 080408||||||||||||||||ger||||||| | ||
| LOK | |0 040 |a DE-21 |c DE-627 |d DE-21 | ||
| LOK | |0 852 |a DE-21 | ||
| LOK | |0 852 1 |c UA 51.1399 |9 00 | ||
| LOK | |0 935 |a konv |a pro7 | ||
| LOK | |0 939 |a 08-04-08 |b l01 | ||
| LOK | |0 000 xxxxxcx a22 zn 4500 | ||
| LOK | |0 001 2607526345 | ||
| LOK | |0 003 DE-627 | ||
| LOK | |0 004 134891713X | ||
| LOK | |0 005 20090807123113 | ||
| LOK | |0 008 090807||||||||||||||||ger||||||| | ||
| LOK | |0 040 |a DE-Frei85 |c DE-627 |d DE-Frei85 | ||
| LOK | |0 852 |a DE-Frei85 | ||
| LOK | |0 852 1 |m p |9 00 | ||
| LOK | |0 938 |k p | ||
| LOK | |0 939 |a 07-08-09 |b l01 | ||
| ORI | |a SA-MARC-krimdoka001.raw | ||
| SIG | |a UB: UA 51.1399 | ||
